000 00575nam a22001937a 4500
005 20251108173705.0
008 250721s2006 xx 000 0 eng d
082 1 4 _aب.د/530.1/اول
245 1 0 _aالأولويات في الصحة /
264 1 _aواشنطن :
_bالبنك الدولي,
_c2006.
300 _a207P.
490 0 _aالبنك الدولي
650 1 7 _aالاولويات الصحيه
650 1 7 _aالتخطيط الصحي
650 1 7 _aالسياسه الصحيه
650 1 7 _aالصحه العامه
942 _2ddc
_cBK
999 _c110054
_d110054